000 004750000a22001690004500
041 0 _aENG
082 0 4 _aG 266.354 C2874g
100 1 _aCarmichael, Amy (Wilson) (1867-1951)
245 1 0 _aGod's missionary / Amy Carmichael
260 _aLondon, Great Britain : Society for Promoting Christian Knowledge
300 _a37 Pag
001 7741
942 _cBK
999 _c37946
_d37946
336 _atexto
_btxt
_2rdacontent
337 _2rdamedia
_asin mediación
_bn
338 _2rdacarrier
_avolumen
_bnc